Selena Gomez's UK Singles Chart History - Statistics

General Stats
  • This quiz has been taken 9 times
  • The average score is 17 of 35
Answer Stats
Peak Position Song Weeks On Chart Debut Date % Correct
#58 Love You Like A Love Song 5 Jul 30th 2011
100%
#33 Fetish 8 Jul 27th 2017
88%
#9 Wolves 20 Nov 9th 2017
88%
#14 Hands To Myself 26 Feb 4th 2016
75%
#7 It Ain't Me 24 Mar 2nd 2017
75%
#26 Look At Her Now 7 Nov 7th 2019
75%
#3 Lose You To Love Me 20 Oct 31st 2019
75%
#21 Bad Liar 13 Jun 1st 2017
63%
#55 Boyfriend 4 Apr 23rd 2020
63%
#8 Come & Get It 8 Jul 27th 2013
63%
#23 Good For You 24 Jul 4th 2015
63%
#35 Kill Em With Kindness 14 Jun 30th 2016
63%
#7 Naturally 8 Apr 24th 2010
63%
#28 Rare 9 Jan 23rd 2020
63%
#47 Round & Round 3 Oct 9th 2010
63%
#81 Same Old Love 6 Nov 12th 2015
63%
#21 Single Soon 7 Sep 7th 2023
63%
#78 A Year Without Rain 2 Nov 13th 2010
50%
#15 Taki Taki 15 Oct 11th 2018
50%
#51 Who Says 8 May 28th 2011
50%
#13 Back To You 16 May 24th 2018
38%
#47 Bluest Flame 10 Apr 10th 2025
38%
#39 Ice Cream 8 Sep 10th 2020
38%
#61 Love On 1 Mar 7th 2024
38%
#100 Sunset Blvd 1 Apr 3rd 2025
38%
#30 The Heart Wants What It Wants 3 Feb 7th 2015
38%
#14 We Don't Talk Anymore 25 Jun 30th 2016
38%
#28 Call Me When You Break Up 10 Mar 6th 2025
13%
#89 Feel Me 1 Mar 5th 2020
13%
#86 How Does It Feel To Be Forgotten 1 Apr 3rd 2025
13%
#14 I Want You To Know 8 Jun 20th 2015
13%
#24 Let Somebody Go 4 Oct 28th 2021
13%
#90 Magic 1 Oct 24th 2009
13%
#78 My Mind & Me 1 Nov 17th 2022
13%
#93 Selfish Love 1 Mar 18th 2021
13%
No matching quizzes found
Score Distribution
Percent of People with Each Score
Percentile by Number Answered
Your Score History
You have not taken this quiz